000 01081 a2200217 4500
005 20080902123852.0
008 080902t xxu||||| |||| 00| 0 hin d
010 _aHIN-82913
020 _a8189327534
_c300.00
035 _aHN-55259
037 _bपु.प्र.अ.प्र/प्रका
082 _a379.54
100 _aआशुतोष कुमार
245 _aशिक्षा आयोग की चुनौतियाँ /
_cआशुतोष कुमार
246 _aShiksha Aayog ki Chunautiyan
_bby Ashutosh Kumar
260 _aपटना
_bविशाल पब्लिकेशन
_c2008
270 _aकैलाश मार्केट, दरियापुर
_bपटना
_e800004
300 _a284पृ
_c22 सेमी (सजिल्द)
942 _adpl
_cHN
_k379.54 / आशुतो
_2ddc
_h379.54
_mआशुतो
999 _c11306
_d11306